| 000 | 00766nam a2200217 i 4500 | ||
|---|---|---|---|
| 001 | 185454 | ||
| 003 | SpMaBN | ||
| 005 | 20251014063300.0 | ||
| 008 | 160606s1989 sp |||| |dspa d | ||
| 020 | _a84-7669-088-6 | ||
| 080 | _a821.111-31"19" | ||
| 100 | 1 |
_aSacks, Oliver, _d1933-2015 _9158681 |
|
| 245 | 1 | 0 |
_aCon una sola pierna / _cOliver Sacks ; traducido del inglés por José Álvarez Flórez ; revisión técnica por el Dr. Javier Serrano Postigo. |
| 260 |
_aBarcelona : _bMuchnik, _c[1989] |
||
| 300 |
_a247 p. ; _c20 cm. |
||
| 490 | 1 |
_aLiteratura ; _v61 |
|
| 700 | 1 |
_aÁlvarez Flórez, José Manuel. _920809 |
|
| 830 | 0 |
_aLiteratura ; _v61 _9177860 |
|
| 852 |
_aES-MaACL _jL-30338 _z. - Donat. Miguel A. Velasco |
||
| 999 |
_c185454 _d185454 |
||